02785nam a22003617a 4500003000900000008004100009040007100050082002300121110004200144245007300186260005600259300005000315440009700365505152700462650001701989650002002006650002302026650001602049650002302065650002802088650002202116650001502138650001402153650002602167650002302193700002902216700003102245700003502276700002802311700002502339700003002364700002902394AR-CdUCM190425b ||||| |||| 00| 0 spa d aMUNICIPALIDAD PROVINCIAL DEL CUSCOcBIBLIOTECA MUNICIPAL DEL CUSCO aRev.IAAC/N°3/1944 aInstituto Americano de Arte del Cuzco aRevista del Instituto Americano de Arte :bPublicación semestral / aCusco :bTalleres gráficos La Económica,c1943. a160 [2] páginas. :bilustraciones ;c24 cm. aRevista del Instituto Americano de Arte Cuzco.nAño III, 1° semestre de 1944, N°3. Vol.I aContenido: Tradiciones cuzqueñas. Luis Felipe Paredes. -- Un poeta cuzqueño. Alfredo Yépez Miranda. -- Documentos de la Historia del Cuzco. Ambrosio Morales O.P. -- Francisco Laso de la Vega. Enrique López Albújar. -- La Atlántida y el hombre Americano. Jorge Cornejo Bouroncle. -- Markanaka. Aurelio Martínez. -- Folklore Nacional calendario de fiestas populares del departamento del Cuzco. Víctor Navarro del Águila. -- La gran fiesta del Raymi. Luis A. Pardo. -- Garcilaso. añoranza. Rafael Aguilar. -- Motivos sinfónicos de la poesía Sur peruana. Emilio Vásquez. -- Génesis de los problemas filosóficos y su solución mítica. César Guardia Mayorga. -- El Cuzco en una mansión Argentina. Víctor M. Guillen. -- Cesáreo Bernaldo de Quirós y su solar agreste. Ana María Garasino. -- Arte y vida. Humberto Vidal. -- Una joya cuzqueña de valor incalculable. Manuel E. Cuadros. E. -- Malaco Kancha cuento andino. Humberto Pacheco. -- La sinceridad del pueblo cuzqueño. Roberto Barrionuevo. -- Ciro Alegría en el Mundo es Ancho y Ajeno. Martha Alicia Yépez de Fernán Zegarra. -- La república del Cuzco. Alcides F. estrada. -- Canto al Cuzco y sus piedras sagradas. Luis Nieto Miranda. -- A propósito del Folklore. Blanca A. Ladrón de Guevara. -- Cuzco panorámico. Domingo Velazco Astete. -- Galería de Arte cuzqueño. Julio Genaro Gutiérrez Loayza. -- Actividades del Instituto. Celebración del Día de Cuzco. -- El arte en la escuela. Roberto La Torre. aArte popular aArte cusqueño aHistoria del Cusco aSairi Tupac aFelipe Tupac Amaru aTradiciones cusqueñas aFiestas populares aInti Raymi aFolcklore aLiteratura cusqueña aPoetas cusqueños aYépez Miranda, Alfredo aLópez Albújar, Enrique aNavarro del Águila, Víctor aVelasco Astete, Domingo aVidal Unda, Humberto aGutiérrez Loayza, Julio aCornejo Bouroncle, Jorge